00214nam a2200085 4500082001100000100002500011245005600036260002900092300000700121 bITR 09 aUlagendran Sindhujan aIndustrial Placement and Scientific Training C41172 aRajagiriyabICHEMCc2018 a56